以斯帖記 Yisitie ji = Esther {ch} / (Record no. 37732)
[ view plain ]
| 000 -LEADER | |
|---|---|
| fixed length control field | 01396cam a2200397Ia 4500 |
| 001 - CONTROL NUMBER | |
| control field | 025699 |
| 003 - CONTROL NUMBER IDENTIFIER | |
| control field | OSt |
| 005 - DATE AND TIME OF LATEST TRANSACTION | |
| control field | 20140902124430.0 |
| 008 - FIXED-LENGTH DATA ELEMENTS--GENERAL INFORMATION | |
| fixed length control field | 081117s2007 cc b 001 0 chi d |
| 020 ## - INTERNATIONAL STANDARD BOOK NUMBER | |
| International Standard Book Number | 9789625136028 |
| 020 ## - INTERNATIONAL STANDARD BOOK NUMBER | |
| International Standard Book Number | 9789625136172 |
| 020 ## - INTERNATIONAL STANDARD BOOK NUMBER | |
| International Standard Book Number | 9625136177 |
| 020 ## - INTERNATIONAL STANDARD BOOK NUMBER | |
| International Standard Book Number | 9625136029 |
| 040 ## - CATALOGING SOURCE | |
| Original cataloging agency | CVU |
| Transcribing agency | CVU |
| Modifying agency | CWTS |
| 041 1# - LANGUAGE CODE | |
| Language code of text/sound track or separate title | chi |
| Language code of original and/or intermediate translations of text | eng |
| 066 ## - CHARACTER SETS PRESENT | |
| Alternate G0 or G1 character set | $1 |
| 090 ## - LOCALLY ASSIGNED LC-TYPE CALL NUMBER (OCLC); LOCAL CALL NUMBER (OCLC) | |
| Classification number (OCLC) (R) ; Classification number, CALL (RLIN) (NR) | BS1375.53 |
| Local cutter number (OCLC) ; Book number/undivided call number, CALL (RLIN) | .J63c 2007 |
| 100 1# - MAIN ENTRY--PERSONAL NAME | |
| Personal name | 譚愛珍 Jobes, Karen H. |
| 240 10 - UNIFORM TITLE | |
| Uniform title | <a href="Esther.">Esther.</a> |
| Language of a work | Chinese. |
| 245 10 - TITLE STATEMENT | |
| Title | 以斯帖記 Yisitie ji = Esther {ch} / |
| Statement of responsibility, etc | 卡蓮・喬布斯著 ; 譚愛珍譯. ; Karen H Jobes; Kalian Qiaobusi zhu ; Tan Aizhen yi. |
| 250 ## - EDITION STATEMENT | |
| Edition statement | Chu ban. |
| 260 ## - PUBLICATION, DISTRIBUTION, ETC. (IMPRINT) | |
| Place of publication, distribution, etc | Xianggang : |
| Name of publisher, distributor, etc | Han yu sheng jing xie hui, |
| Date of publication, distribution, etc | 2007. |
| 300 ## - PHYSICAL DESCRIPTION | |
| Extent | 233 p. ; |
| Dimensions | 24 cm. |
| 336 ## - CONTENT TYPE | |
| Source | rdacontent |
| 337 ## - MEDIA TYPE | |
| Source | rdamedia |
| 338 ## - CARRIER TYPE | |
| Source | rdacarrier |
| 440 #0 - SERIES STATEMENT/ADDED ENTRY--TITLE | |
| Title | Guo ji shi jing ying yong xi lie ; |
| Volume number/sequential designation | 17. |
| 490 ## - SERIES STATEMENT | |
| Series statement | 國際釋經應用系列 = The NIV application commentary ; |
| Volume number/sequential designation | 17. |
| 500 ## - GENERAL NOTE | |
| General note | Translation of: Esther / Karen H. Jobes ; Grand Rapids, Mich. : Zondervan, c1999.<br/> |
| 500 ## - GENERAL NOTE | |
| General note | Yi zi: Esther. |
| 500 ## - GENERAL NOTE | |
| General note | "Zhong wen ban jing wen cai yong 'He he ben'"--Zhong wen ban xu yan. |
| 504 ## - BIBLIOGRAPHY, ETC. NOTE | |
| Bibliography, etc | Fu can kao wen xian (p. [41]-45) ji suo yin. |
| 630 00 - SUBJECT ADDED ENTRY--UNIFORM TITLE | |
| Uniform title | Bible. |
| Name of part/section of a work | O.T. |
| -- | Esther |
| Form subdivision | Commentaries {ch}. |
| 730 02 - ADDED ENTRY--UNIFORM TITLE | |
| Linkage | 880-08 |
| Uniform title | Bible. |
| Name of part/section of a work | O.T. |
| -- | Esther. |
| Language of a work | Chinese. |
| Version | He he ben. |
| Date of a work | 2007. |
| 942 ## - ADDED ENTRY ELEMENTS (KOHA) | |
| Source of classification or shelving scheme | Library of Congress Classification |
| Item type | Books |
| Withdrawn status | Lost status | Source of classification or shelving scheme | Damaged status | Not for loan | Home library | Current library | Shelving location | Date acquired | Source of acquisition | Inventory number | Total Checkouts | Full call number | Barcode | Date last seen | Price effective from | Koha item type |
|---|---|---|---|---|---|---|---|---|---|---|---|---|---|---|---|---|
| Library of Congress Classification | BSOP Library | BSOP Library | Reference Chinese | 09/02/2014 | C-12161 | BS498.C5 N64 Esther | 00044561 | 09/02/2014 | 09/02/2014 | Books |
